Normal view
MARC view
Entry Topical Term
001 - CONTROL NUMBER
- control field: 65837
003 - CONTROL NUMBER IDENTIFIER
- control field: OSt
005 - DATE AND TIME OF LATEST TRANSACTION
- control field: 20260129103342.0
008 - FIXED-LENGTH DATA ELEMENTS
- fixed length control field: 260129|| aca||aabn | a|a d
040 ## - CATALOGING SOURCE
- Original cataloging agency: OSt
- Transcribing agency: OSt
150 ## - HEADING--TOPICAL TERM
- Topical term or geographic name entry element: History
- Geographic subdivision: Mandalay
- General subdivision: Myanmar music
- Chronological subdivision: 1948 to 1988
670 ## - SOURCE DATA FOUND
- Source citation: Work cat.: (OSt): Than Than Soe 2013 4PhD-Hist-6 65836, History of Myanmar music in Mandalay( 1948-1988) /, 2013.